000 01782cam a22005054i 4500
003 PE-LiUPU
005 20250731165630.0
008 150616s r 000 0 d
020 _a0826703453
035 _a(Sirsi) i9780826703453
040 _aPE-LiUPU
_bspa
_cPE-LiUPU
_erda
049 _aPRUA
082 0 4 _a487.4242028i
_bL87
_221
100 1 _aLouw, Johannes P,
_eautor.
245 1 0 _aGreek-English Lexicon of the New Testament based on Semantic Domains.
_n2.
264 1 _aNew York :
_bUnited Bible Societies,
_c1989.
300 _a375 páginas ;
_c26 centímetros
336 _atext
_2rdacontent
337 _aunmediated
_2rdamedia
338 _avolume
_2rdacarrier
505 0 _aGreek-English Index -- English Index -- Passage Index -- Maps.
526 _aSEG44
526 _aSEG26
526 _aP151
526 _aP150
526 _aP149
526 _aP146
526 _aP145
526 _aP126
526 _aP125
526 _aP92
526 _aP75
526 _aP74
526 _aP27
526 _aP15
650 0 4 _aGRIEGO BIBLICO - GLOSARIOS, VOCABULARIOS, ETC -- INDICES.
700 1 _aNida, Eugene A.
910 _ajck
_bjvq
_cjck
942 _2ddc
_cBOOK
949 _aRC 487.4242028I L87 2
_wDEWEY
_c1
_i39689
_lCCODEBUL1
_mBUL
_r0
_sY
_tBOOK
_u2015-6-16
_xTEOLOGIA
_zUNKNOWN
_0COMPRA
_o.CIRCNOTE. No olvidar cambiar la fecha de devolución!!!!!!!
_o.STAFF. Colección General
994 _aC0
_bPEPRU
596 _a1
999 _aRC 487.4242028I L87 2
_wDEWEY
_c57553
_i39689
_f2021-11-8
_g5
_lCCODEBUL1
_mBUL
_r1
_sY
_tBOOK
_u2015-6-16
_xTEOLOGIA
_zUNKNOWN
_0COMPRA
_o.CIRCNOTE. No olvidar cambiar la fecha de devolución!!!!!!!
_o.STAFF. Colección General
_d57553
980 _81
_gALBERTO SANCHEZ Responsable de Automatización